Personálne riadenie a rozvoj učiteľa na škole

Pokračovanie príspevku z MŠp č.4/2009. Prezentácia krokov, ktoré treba v personálnej oblasti urobiť najneskôr po prijatí zákona o pedagogických zamestnancoch.

Saved in:
Bibliographic Details
Main Author: Valent, Marián
Format: Book Chapter
Language:Slovak
Subjects:
Tags: Add Tag
No Tags, Be the first to tag this record!

MARC

LEADER 00000naa$a2200000$$$4500
001 0095540
005 20231127101617.9
041 0 |a slo 
044 |a SK 
245 1 0 |a Personálne riadenie a rozvoj učiteľa na škole  |c Marián Valent 
520 |a Pokračovanie príspevku z MŠp č.4/2009. Prezentácia krokov, ktoré treba v personálnej oblasti urobiť najneskôr po prijatí zákona o pedagogických zamestnancoch. 
610 2 0 |a školstvo 
610 2 0 |a učitelia 
610 2 0 |a vzdelávanie 
610 2 0 |a riadenie personálne 
100 1 |a Valent, Marián